00438pab a2200133 454500008004000000100001900040245012100059260000900180300001000189362001600199650003600215700002100251773003200272180718b1983 xxu||||| |||| 00| 0 eng d aPaul,Robert J. aEffects of administrative decentralisation on perceiced job characteristics: a naturally occurring quasi-experiment. c1983 a88-99 aSep.82-Mar. aAdministrative Decentralisation aRichard S. Ruch. aASCI Journal ofr Management